000 00503nam a2200157Ia 4500
008 230907s9999||||xx |||||||||||||| ||und||
082 _a621.3
_bUMA
100 _aMuhammad Umair Wali (00000203585)
_9116468
245 0 _aCondition Monitoring of Insulators for Ageing Detection by Magnetic Field Measurements /
260 _aUSPCAS-E, NUST,
_bIslamabad :
_c2019
300 _a51 p.
520 _aTH-169
650 _aMS-EEP Thesis MS Thesis
700 _aDr. Arsalan Habib Khawaja
942 _cTHE
_2ddc
999 _c601848
_d601848